000 01481namaa22003251i 4500
005 20260414112922.0
008 260414s1995 ua a|||frm||| 000 0 eng d
040 _aEG-GICUC
_beng
_cEG-GICUC
_dEG-GICUC
_erda
041 0 _aeng
_beng
_bara
049 _aDeposit
097 _aM.Sc
099 _aCai01.07.11.M.Sc.1995.Ge.B
100 0 _aGehan Abdel-Aziz El-Sayed El-Emaety,
_epreparation.
245 1 0 _aBiochemical Studies on the Role of Some Micronutrients on Some Dicotyledons /
_cby Gehan Abdel-Aziz El-Sayed El-Emaety, Supervised Prof. Dr. Abdel-Moneim Youssef, Dr. Abel Sayed Afify, Prof. Dr. Abdel - Aziz- Lotfy
246 1 5 _aدراسات كيميائية حيوية علي دور يعض العناصر الدقيقة علي بعض النباتات ذات الفلقتين
264 0 _c1995.
300 _a179 Leaves
_billustrations
_c30 cm. +
336 _2rda content
_atext
337 _2rdamedia
_aUnmediated
338 _2rdacarrier
_avolume
502 _aThesis (M.Sc.)-Cairo University, 1995
504 _aBibliography: pages 152-175
653 0 _a Role of Some Micronutrients on Some Dicotyledons
700 0 _aAbdel-Moneim Youssef
_ethesis advisor.
700 0 _aAbel Sayed Afify
_ethesis advisor.
700 0 _aAbdel - Aziz- Lotfy
_ethesis advisor.
900 _DDepartment of Floriculture
_FFaculty of Agricultural
_UCairo University
_b1995
_cAbdel-Moneim Youssef
_cAbel Sayed Afify
_cAbdel - Aziz- Lotfy
905 _aNehad
942 _2ddc
_cTH
_e21
_n0
999 _c179467